[Event "BLR-ch"]
[Site "Minsk"]
[Date "1996.??.??"]
[Round "2"]
[White "Korzubov, Peter"]
[Black "Mochalov, Evgeny Veniaminovic"]
[Result "1/2-1/2"]
[WhiteElo "2440"]
[BlackElo "2515"]
[Annotator "Mochalov,E"]
[PlyCount "130"]
[EventDate "1996.??.??"]
[EventType "tourn"]
[EventRounds "11"]
[EventCountry "BLR"]
[EventCategory "7"]
[SourceTitle "CBM 053 Extra"]
[Source "ChessBase"]
[SourceDate "1996.09.01"]
[SourceVersion "1"]
[SourceVersionDate "1996.09.01"]
[SourceQuality "1"]

1. e4 c5 2. Nf3 Nc6 3. d4 cxd4 4. Nxd4 e5 5. Nb5 d6 6. N5c3 Nf6 7. Bg5 Be7 8.
Bxf6 Bxf6 9. Bc4 (9. Nd2 $5) 9... O-O 10. O-O (10. Nd5 $5) 10... Kh8 11. Nd5
Bg5 12. Nbc3 Be6 13. Ne2 Rc8 14. Bb3 Bh6 15. Kh1 Qh4 16. f3 Na5 $5 (16... f5 $5
17. g3 (17. exf5 Rxf5 18. Qe1 $5 $13 (18. Ng3 $6 Rg5 19. Qe1 Nd4 $17)) 17...
Qd8 $132) 17. Ndc3 $6 (17. c3 $5 Nxb3 18. axb3 a6 19. b4 $132) 17... Rfd8 18.
Bd5 Nc4 19. Bxc4 Bxc4 (19... Rxc4 20. Qd3 $1 $13 (20. b3 $6 Rxc3 21. Nxc3 Bf4
22. g3 Bxg3 23. Qe2 Rc8 24. Nd5 Bxd5 25. exd5 Rc3 $146)) 20. b3 Bf4 $6 (20...
Be6 $5 21. Nd5 Bxd5 22. exd5 f5 $132) (20... Bxe2 $1 21. Nxe2 d5 22. exd5 Rc5 (
22... b5 23. Qd3 Rc5 24. Rad1 $16) 23. c4 b5 24. g3 Qh3 25. Ng1 Qc8 26. Qe2
bxc4 27. bxc4 f6 $15) 21. h3 Ba6 $2 (21... Be6 $5 22. Nd5 Bxd5 23. exd5 f5 $13)
22. Nd5 Bxe2 23. Qxe2 Qg3 24. Nxf4 Qxf4 25. c4 $16 Re8 26. Rad1 Re6 27. Rd5 h5
28. Rfd1 Rc6 29. b4 (29. a4 $5) 29... Ra6 30. Qb2 (30. b5 $5 Ra3 $1 (30... Ra4
31. Qc2 (31. Rxd6 Rxd6 32. Rxd6 Qc1+ 33. Rd1 Qxc4 34. Qxc4 Rxc4 35. Rd7 f6 36.
Rxb7 Ra4 $10) 31... Ra3 32. Rxd6 Rxd6 33. Rxd6 Qe3 34. Qd2 $16) 31. Rxd6 Rxd6
32. Rxd6 Rc3 $1 $132) 30... Rc6 31. Qb3 Kh7 32. Qc3 (32. b5 Rc5 33. Rxd6 Rxd6
34. Rxd6 Qc1+) 32... Rg6 33. b5 Qg3 (33... Rc5 34. Rxd6 $16) 34. Rg1 Rc7 35.
Qd3 Qf4 $6 (35... b6 $5) 36. Rxd6 Rxd6 37. Qxd6 Rxc4 38. Qa3 $1 h4 (38... g5 $5
39. Qxa7 g4 $132) 39. Qxa7 Rc1 40. Rxc1 (40. a4 $5) 40... Qxc1+ 41. Qg1 Qd2 42.
Qb1 f6 43. a4 g5 $14 44. Qa1 Qb4 45. Qd1 Kg6 46. Kh2 Qa3 47. Qd7 Qe3 (47...
Qxa4 $5 48. Qxb7 Qb4 49. Qc6 (49. b6 Qe1 50. Qa6 Qg3+ 51. Kg1 Qe1+ 52. Qf1 Qb4
53. Qf2 Kf7) 49... Qe1 50. Qc5 Qg3+ 51. Kh1 Qe1+ 52. Qg1 Qb4 53. b6 Kf7 $14)
48. Qf5+ (48. Qxb7 Qf4+ 49. Kg1 Qc1+ 50. Kf2 Qd2+ $10) 48... Kf7 49. a5 Qe1 50.
Qd7+ Kg6 51. Qg4 Qxa5 52. Qf5+ Kg7 53. Qd7+ Kg6 54. Qxb7 Qe1 55. Qa7 Qg3+ 56.
Kh1 Qe1+ 57. Qg1 Qb4 58. Qf1 (58. b6 Kf7 59. Qe3 Ke6 $14) 58... Kf7 59. Kh2 Ke6
60. Qe2 Kd6 61. Qd3+ Ke7 62. Qe2 Qb1 63. Qc4 Qe1 64. Qc5+ Ke6 65. Qc8+ (65. b6
Qg3+ 66. Kh1 Qe1+ 67. Qg1 Qxg1+ 68. Kxg1 Kd6 $10) 65... Ke7 1/2-1/2

[Event "RUS-ch"]
[Site "Elista"]
[Date "1994.??.??"]
[Round "10"]
[White "Aseev, Konstantin N"]
[Black "Ragozin, Evgeni"]
[Result "1-0"]
[WhiteElo "2540"]
[BlackElo "2510"]
[Annotator "Moiseev,V"]
[PlyCount "114"]
[EventDate "1994.09.??"]
[EventType "swiss"]
[EventRounds "11"]
[EventCountry "RUS"]
[SourceTitle "CBM 044"]
[Source "ChessBase"]
[SourceDate "1995.02.01"]
[SourceVersion "1"]
[SourceVersionDate "1995.02.01"]
[SourceQuality "1"]

1. e4 c5 2. Nf3 Nc6 3. d4 cxd4 4. Nxd4 e5 5. Nb5 d6 6. c4 Be7 7. b3 Nf6 8. Bd3
Bg4 (8... O-O 9. O-O Bg4 $5 10. f3 Be6 11. Be3 Nh5 12. g3 g6 13. N5c3 f5 14.
exf5 $1 gxf5 15. Nd2 Rf7 (15... f4 $5 $132 {Dolmatov}) 16. f4 $1 exf4 17. gxf4
Nf6 18. Nf3 Ng4 19. Qd2 $14 {Dolmatov,S-Sveshnikov,E/Podolsk/1992/1:0/39/ Inf
56/174/}) 9. f3 Be6 10. Be3 Nh5 11. O-O Nf4 12. Qd2 (12. Kh1 O-O 13. N5c3 Bg5
14. Re1 Qf6 15. Bf1 {Yakovich,Y-Sherbakov,R/St.Peterburg(zt)/1993/0,5/15/})
12... h5 $6 (12... O-O) 13. Rd1 a6 (13... h4 $2 14. Bf1 $16) 14. N5c3 h4 15.
Nd5 Bxd5 16. cxd5 Nb8 (16... Nd4 $5 17. Bxd4 (17. Bf1 Bg5 {/\ 18...h3}) (17.
Bxf4 exf4 18. Qxf4 Bg5 19. Qg4 Qf6 $44) 17... Nxd3 18. Be3 (18. Qxd3 $5 exd4
19. Na3) 18... Nf4 19. Na3 $14) 17. Bf1 Nd7 18. Na3 Rh6 (18... b5 $2 19. Nc2)
19. Nc4 Rg6 20. Kh1 Nh5 21. Rac1 Qb8 22. a4 $16 Kf8 23. a5 (23. Nb6 $6 Nxb6 24.
Bxb6 Bg5 25. Be3 Bxe3 26. Qxe3 Qd8 $13) 23... Kg8 24. Rc2 (24. Nb6 $5 Nxb6 25.
axb6) 24... Kh7 25. Rdc1 Qd8 26. Nb6 Nxb6 27. Bxb6 (27. axb6 $5) 27... Qe8 28.
Be3 Bd8 29. Rc8 (29. b4 $5) 29... Rxc8 30. Rxc8 Qd7 31. Rc2 (31. Qc3 $2 Bxa5
$17) 31... Qe7 32. b4 Qf6 (32... Ng3+ $2 33. hxg3 hxg3 34. Kg1 Qh4 35. Bd3 Qh2+
36. Kf1 Qh1+ 37. Bg1 $18) 33. Qf2 Rg3 (33... Ng3+ 34. Kg1 Nxf1 35. Kxf1 $16)
34. Bb6 Bxb6 35. axb6 Rg6 36. Rc7 Ng3+ 37. Kg1 Nxf1 38. Qxf1 Qf4 39. Rxb7 Qe3+
40. Kh1 Rg3 $2 (40... h3 $1 41. g4 $1 (41. g3 Rf6 42. Qxh3+ Kg6 43. Qg4+ Kh6
44. Kg2 Qe2+ 45. Kg1 $10 (45. Kh3 $2 Qf1+ 46. Kh4 Kh7 $3)) 41... Rf6 42. Qxh3+
Rh6 43. Qf1 (43. Qg3 $2 Qc1+ 44. Kg2 Qd2+ 45. Kg1 $10 (45. Qf2 $4 Rxh2+ $19))
43... Qd2 (43... Qf4 44. Qf2) 44. h3 Qxb4 45. Kg2 $16) 41. Rb8 $6 (41. Rxf7
Qxb6 (41... Rg6 42. b7 $18) 42. hxg3 hxg3 43. f4 $18) 41... Rg6 42. b7 $2 (42.
h3 $5) 42... Qb6 $2 (42... Qa7 $1 43. Qc1 h3 $1 (43... Qxb8 $2 44. Qc8 Qa7 45.
b8=Q $18) (43... Qf2 $2 44. Qg1 $18 (44. Rh8+ $18)) 44. Rh8+ (44. g3 Qf2 45.
Rh8+ Kxh8 46. Qc8+ (46. b8=Q+ $4 Kh7 $19) 46... Kh7 47. Qxh3+ $10) 44... Kxh8
45. Qc8+ Kh7 46. Qxh3+ Rh6 47. Qf5+ Rg6 $10) 43. h3 Rf6 44. Kh2 Qa7 45. b5 (45.
Ra8 $2 Qxb7 46. Qxa6 Qxb4 47. Qc8 Qe1 48. Qg4 Rg6 49. Qh5+ $10) (45. Qc1 $18)
45... axb5 (45... Qxb8 46. bxa6 Rg6 47. Qa1 Qa7 48. Qb2 Qb8 49. Qb6 $18 (49. a7
$18)) 46. Qc1 Qxb8 47. Qc8 Qa7 48. b8=Q Qf2 49. Qc1 (49. Qg4 $2 Rg6 50. Qh5+
Rh6 51. Qf5+ Rg6 $10) 49... Rxf3 (49... Rg6 50. Qg1 $18) 50. Qg5 $1 $18 Rf6 51.
Qh5+ Rh6 52. Qf3 Qxf3 53. gxf3 Rf6 54. Kg2 Kh6 55. Qh8+ Kg6 56. Qxh4 b4 57. Qh8
Rf4 1-0

[Event "Weilburg NBG op"]
[Site "Weilburg"]
[Date "1996.??.??"]
[Round "9"]
[White "Movsziszian, Karen"]
[Black "Solonar, Stefan"]
[Result "1-0"]
[WhiteElo "2470"]
[BlackElo "2310"]
[Annotator "Mowsziszian,K"]
[PlyCount "77"]
[EventDate "1996.??.??"]
[EventType "swiss"]
[EventRounds "9"]
[EventCountry "GER"]
[SourceTitle "EXT 1997"]
[Source "ChessBase"]
[SourceDate "1996.11.15"]
[SourceVersion "1"]
[SourceVersionDate "1996.11.15"]
[SourceQuality "1"]

1. e4 c5 2. Nf3 Nc6 3. d4 cxd4 4. Nxd4 e5 5. Nb5 d6 6. a4 Be6 7. N1c3 a6 8. Na3
Be7 9. Nc4 (9. Nd5 Nf6 10. Nxf6+ Bxf6 11. Bc4 O-O 12. O-O Rc8 13. c3 Qd7 14.
Be3 Ne7 15. Qd3 Qc6 16. Bxe6 fxe6 17. c4 Qxa4 18. Qxd6 Qc6 $10 {0-1
Mowsziszian,K-Christiansen,L/BL 9495 (1995) ;BL 90 1995 (44)}) 9... Rc8 10. Be3
(10. Nd5 Bxd5 11. exd5 Nb8 12. a5 Nd7 13. Be2 Ngf6 14. Be3 O-O 15. O-O Re8 16.
Ra3 Bf8 17. b4 $16 {1-0 Fogarasi,T-Csiszar,C/Budapest Spring op (09) ;EXT 94op
1994 (32)}) 10... Nd4 (10... Nf6 11. Nb6 Rb8 12. Be2 O-O 13. a5 Nb4 14. Bf3 Ne8
15. Ra4 Nc6 16. O-O $16 {1/2-1/2 Sousa,A-Dambrauskas,V/Manila olm ;TD 92\02
1992 (62)}) 11. Nd5 Bxd5 12. exd5 b5 13. axb5 axb5 14. Na3 (14. Bxd4 $5 bxc4 (
14... exd4 $2 15. Na5 $16 {><b5,c6,d4}) 15. Bc3 Nf6 16. Ra4 Ne4 17. Qf3 $1 (17.
Ba5 Qd7 18. Rxc4 $2 Rxc4 19. Bxc4 Qa7 $19) 17... Nxc3 18. Qxc3 O-O 19. Bxc4 $16
) 14... Qa5+ 15. c3 b4 16. Bxd4 bxa3 17. Bxe5 $6 (17. Be3 $142 Nf6 18. Rxa3
Qxd5 19. Qa4+ Kf8 20. f3 $14) 17... dxe5 18. d6 Bxd6 (18... Rxc3 $1 19. bxc3
Qxc3+ 20. Ke2 Qc4+ 21. Qd3 Qxd3+ 22. Kxd3 Bxd6 $10) 19. Qxd6 axb2 20. Rxa5
b1=Q+ 21. Ke2 Ne7 $6 (21... Qc2+ $142 22. Qd2 Qxc3 23. Qxc3 Rxc3 24. Ra8+ Ke7
25. Kd2 Rc7 26. Be2 g6 27. Rb1 Kf6 28. Rbb8 Kg7 $10) 22. Rxe5 O-O $2 (22...
Qc2+ 23. Qd2 Rxc3 24. Qxc2 Rxc2+ 25. Ke3 f6 $10) 23. Qxe7 Rxc3 (23... Rfd8 24.
Kf3 Rxc3+ 25. Re3 Qf5+ 26. Kg3 Qg6+ 27. Kh3 Qh6+ 28. Qh4 $16) 24. Re3 Rc1 25.
Qe4 (25. f4 $1 Re1+ 26. Kf2 Rxe3 27. Qxe3 Rd8 28. Rg1) 25... Qb5+ 26. Qd3 Qb2+
27. Kf3 Qf6+ 28. Kg4 (28. Kg3 Qg5+ 29. Kh3 Qh5+ $10) 28... Rd8 29. g3 $5 g6 (
29... h5+ $5 30. Kh3 g5 $1 (30... Rxd3 $4 31. Re8+ Kh7 32. Bxd3+ g6 33. Rxc1
$18) 31. Qe4 Qxf2 32. Qe5 g4+ (32... Rxf1 33. Qxg5+ Kh7 34. Qxh5+ Kg7 35. Re4
$1) 33. Kh4 $16) 30. Qb5 Qxf2 31. Re8+ Rxe8 32. Qxe8+ Kg7 33. Qe5+ Kg8 {(+)}
34. Bg2 $6 (34. Qf4 $16) 34... Rc5 (34... Qxg2 $1 35. Rxc1 h5+ 36. Kf4 Qf2+ 37.
Kg5 Qd2+ 38. Qf4 Qd8+ 39. Kh6 Qf8+ $10) 35. Rf1 $6 {(+)} (35. Qe8+ Kg7 36. Rf1
Qd4+ 37. Rf4 $16) 35... h5+ $2 {(+)} (35... f5+ $1 36. Kh4 Qxg2 $10) (35...
Qxg2 $2 36. Qe8+ Kg7 37. Rxf7+ Kh6 38. Qf8#) (35... Qxf1 36. Qe8+ Kg7 37. Bxf1
$18) 36. Kh4 Rc4+ 37. Kh3 Qa7 38. Qe8+ Kg7 39. Bd5 (39. Qxf7+ $1 Qxf7 40. Rxf7+
Kxf7 41. Bd5+ $18) 1-0

[Event "Tan Chin Nam Cup 8th"]
[Site "Qingdao"]
[Date "2002.07.07"]
[Round "6"]
[White "Ni, Hua"]
[Black "Mikhalevski, Victor"]
[Result "1-0"]
[WhiteElo "2533"]
[BlackElo "2520"]
[Annotator "Mueller,Karsten"]
[PlyCount "79"]
[EventDate "2002.07.04"]
[EventType "swiss"]
[EventRounds "9"]
[EventCountry "CHN"]
[SourceTitle "CBM 091"]
[Source "ChessBase"]
[SourceDate "2002.11.12"]
[SourceVersion "1"]
[SourceVersionDate "2002.11.12"]
[SourceQuality "1"]

1. e4 c5 2. Nf3 Nc6 3. Nc3 d6 4. d4 cxd4 5. Nxd4 e5 6. Ndb5 a6 7. Na3 b5 8. Nd5
Nce7 (8... Nge7 $5 {ist die Alternative.}) (8... Nf6 {geht über in die
Schweschnikow Variante.}) 9. c4 Nxd5 10. exd5 (10. cxd5 Nf6 11. Bd3 Be7 12. Nc2
O-O 13. O-O Bd7 14. Qe2 $14 {[%cal Gc2b4,Gb4c6] 1-0 Matras,A-Pokojska,D/Brzeg
Dolny POL 2001/The Week in Chess 333 (38). (37)}) (10. Qxd5 Be6 11. Qd1 Nf6 12.
Bd3 bxc4 13. Nxc4 Be7 (13... Bxc4 $2 14. Bxc4 Nxe4 $2 15. Qd5 $18 {[%cal Gd5f7,
Gd5e4]}) (13... d5 $5) 14. O-O O-O $11 {/+/= 1/2-1/2 Petrov,A-Bursteinas,R/St.
Petersburg Chigorin 1995/EXT 95 (51)}) 10... f5 $2 (10... bxc4 11. Nxc4 (11.
Bxc4 Nf6 12. O-O Be7 $13) 11... Nf6 12. Be3 Rb8 $132) 11. cxb5 Nf6 12. bxa6
Bxa6 (12... Qa5+ 13. Bd2 Qxd5 14. Qa4+ Bd7 15. Nb5 $36) 13. Qa4+ Kf7 (13... Qd7
$2 14. Bb5 Bxb5 15. Qxa8+ $18) 14. Bxa6 Qb6 15. O-O Qxa6 16. Qc2 g6 17. Rd1 Rc8
$2 {danach gelingt es Schwarz nicht mehr, starkes Gegenspiel aufzuziehen. Es
wäre wohl besser gewesen, weitere Kräfte zu mobilisieren, z.B.} (17... Be7 18.
Nb1 (18. Nc4 Rhc8 19. b3 Rc5) 18... Rhc8 19. Nc3 Ne4 {und in beiden Fällen hat
Schwarz mehr Kompensation als in der Partie.}) 18. Qb3 f4 19. Nb5 Rc5 20. a4
Be7 21. Bd2 Rb8 (21... Nxd5 $2 22. Bb4 $18) 22. Rac1 $5 (22. Bb4 Rcxb5 23. axb5
Qxb5 24. Ra4 Qe2 {gibt Schwarz mehr Gegenspiel.}) 22... Rcxb5 23. axb5 Qxb5 24.
Qh3 Qd7 $6 (24... Qxd5 25. b4 $16 (25. Bxf4 $2 Qe6 26. Qxe6+ Kxe6 27. Be3 Rxb2
$14)) (24... Qxb2 $2 25. Qe6+ Kf8 26. Rc7 Ng8 27. Be1 Re8 28. Rdc1 $18) 25.
Qxd7 Nxd7 26. b4 Rb5 27. Be1 Bd8 28. g3 fxg3 29. hxg3 Nf6 30. Rc8 Bb6 31. Kg2
Nxd5 (31... Rxd5 32. Rxd5 Nxd5 33. Kf3 Ne7 34. Rb8 Bd4 35. b5 Ke6 36. b6 $16)
32. Rb8 $1 {diese Fesselung legt Schwarz lahm.} Ke6 33. Ra1 Bd4 (33... Nxb4 $2
34. Rb1 $18) 34. Rxb5 Bxa1 35. Rb7 h5 36. b5 Bd4 37. Ba5 {Ni Hua treibt seinen
b-Freibauern unwiderstehlich nach vorne.} e4 38. b6 e3 $6 (38... Bc5 39. Rg7
Nxb6 40. Bxb6 Bxb6 41. Rxg6+ Kd5 42. Rh6 $18) 39. Rb8 Kd7 40. Rd8+ (40. Rd8+
Kc6 (40... Kxd8 41. b7+ Kd7 42. b8=Q $18) 41. b7 Kxb7 42. Rxd6 exf2 43. Rxd5
$18) 1-0

[Event "Candidates Tournament"]
[Site "Khanty-Mansiysk"]
[Date "2014.03.14"]
[Round "2"]
[White "Svidler, Peter"]
[Black "Andreikin, Dmitry"]
[Result "1-0"]
[WhiteElo "2758"]
[BlackElo "2709"]
[Annotator "Negi,P"]
[PlyCount "61"]
[EventDate "2014.03.13"]
[EventType "tourn"]
[EventRounds "14"]
[EventCountry "RUS"]
[EventCategory "21"]
[SourceTitle "CBM 160"]
[Source "ChessBase"]
[SourceDate "2014.05.15"]
[SourceVersion "1"]
[SourceVersionDate "2014.05.15"]
[SourceQuality "1"]

1. e4 c5 2. Nf3 Nc6 3. d4 cxd4 4. Nxd4 e5 {The Kalashnikov! A rare guest at
the top level, but Andreikin sticks with his strategy of surprising his
opponents early on.} 5. Nb5 d6 6. c4 ({White can also continue with the
classical Sveshnikov setup with} 6. N1c3) 6... Be7 {To justify the Kalashnikov
Variation's idea of delaying ...Nf6, Black needs to keep the option of Bg5
alive otherwise White will just have an ideal setup with c4.} 7. N1c3 a6 8. Na3
Be6 (8... Nf6 {Here White needs to avoid the tricks related to ...b5, after
that Black will find it hard to generate counterplay as ...Nf6 prevents both
Bg5 and f5.} 9. Be2 (9. Nc2 {now it will be hard to control b5, as the
following game shows:} Be6 10. Be2 Rc8 11. b3 O-O 12. a4 b5 $1 13. axb5 axb5
14. Nxb5 Nxe4 15. O-O d5 $11 {1/2-1/2 (18) Kramnik,V (2759)-Radjabov,T (2756)
Baku 2009}) 9... O-O (9... Nd4 {lets White get a pleasant bind after} 10. Be3
Nxe2 11. Qxe2 Be6 12. O-O Rc8 13. Rfd1 O-O 14. Rac1 Rc6 15. f3 Qb8 16. Nd5 $14
{1-0 (53) Maze,S (2553)-Degraeve,J (2523) Pau 2008}) 10. Be3 Be6 11. O-O (11.
Qd2 {is also possible, as White shouldn't worry about ...Ng4, but I like the
idea of delaying Qd2 for a few more moves.}) 11... Rc8 12. Rc1 h6 (12... Nb8 {
doesn't look like a worrying plan for White.} 13. Qd2 Nbd7 14. f3 h6 15. Rfd1
Ne8 16. g3 f5 17. exf5 Bxf5 18. Nd5 $14 {1/2-1/2 (86) Muzychuk,A (2587)
-Kovalevskaya,E (2405) Eilat 2012}) 13. Qd2 (13. f3 Nd4 14. Bxd4 exd4 15. Qxd4
d5 $1 $17) (13. Kh1 $5 {After seeing the 13. f3 variation, this move's idea is
apparent. White wants to play f3 next...and doesn't want to give up his bishop
on g4. A possible way to continue although the assessment isn't clear:} Ne8 14.
Qd2 Bg5 15. Nc2 Bxe3 16. Qxe3 {with slightly better chances.}) 13... Ng4 14.
Bxg4 Bxg4 15. Nc2 $1 {I don't think White should play Nd5 - after that ...Bg5
becomes viable for Black. Here, ...Bg5 would just weaken the d6-pawn.} (15. Nd5
Bg5 16. Nc2 Be6 17. Rfd1 Bxe3 18. Ndxe3 Qh4 19. f3 Rfd8 20. a4 Qg5 21. b4 Ne7
22. Ne1 Nc6 $11 {1/2-1/2 (25) Polgar,J (2682)-Radjabov,T (2740) Baku 2010})
15... Be6 16. b3 f5 {No other plan is apparent, but Black isn't prepared to
open up the position.} (16... Bg5 17. Bxg5 Qxg5 18. Qxg5 hxg5 19. Rfd1 $14) 17.
exf5 Rxf5 18. Rfd1 Qe8 19. Ne4 Rd8 20. Bb6 Rd7 21. Ne3 Rf4 22. f3 Qg6 23. Kh1
$14 {1-0 (74) Leko,P (2743)-Nataf,I (2526) Istanbul 2000}) (8... f5 {has been
tried a few times by Radjabov. Now the simplest option seems to be:} 9. Bd3 $5
f4 (9... fxe4 10. Nxe4 $14) 10. g3 Nf6 11. gxf4 exf4 12. Bxf4 O-O {An
interesting pawn sacrifice, but at first glance it is still Black who has to
prove enough compensation.} 13. Bg3 Be6 (13... Ng4 14. f4 $14) (13... Bh3 14.
Nc2 Kh8 15. f4 Rc8 16. Qd2 b5 17. O-O-O bxc4 18. Bxc4 Nb4 19. Bb3 $14) 14. Nc2
Ng4 15. f4 h5 16. Be2 $1 $14 {1-0 (56) Andriasian,Z (2600)-Jurcik,M (2481)
Yerevan 2014}) 9. Be2 Bg5 10. Nc2 (10. O-O $142 {is probably a better move
order to get the same position, but I believe Svidler felt it doesn't make a
big difference.} Bxc1 11. Rxc1 Nf6 12. Nc2 {converts to the notes to 11...Nf6
in the main game.}) 10... Bxc1 11. Rxc1 Qg5 {Andreikin tries to make use of
White's delayed 0-0, but I am not sure if it's any better than the normal
lines.} (11... Nf6 12. O-O O-O {is the normal way to continue.} 13. Qd2 Qb6 (
13... Qb8 14. Rcd1 Rd8 15. f4 exf4 16. Rxf4 Ne5 17. Rxf6 gxf6 18. Qh6 Rd7 19.
Ne3 $36 {1-0 (41) Amonatov,F (2616)-Rahman,T (2291) Dhaka 2013}) {Black has a
solid position, but he doesn't have any clear way of counterplay either. So
White can just continue to improve his position as well:} 14. Rfd1 ({Another
interesting way to continue is} 14. Qxd6 $5 $146 Qxb2 (14... Rfd8 15. Qa3 Nd4
16. Nxd4 Rxd4 17. Rfd1 $14) 15. Qd3 {/\ Nd5, and White should be able to
maintain some pressure.}) 14... Rfd8 15. b3 Rac8 16. Qe3 Qxe3 17. Nxe3 Nd4 18.
Kf1 Kf8 19. Nc2 Nxc2 20. Rxc2 Ke7 21. Rcc1 Rc6 22. f3 Rdc8 23. a4 Nd7 24. Kf2
a5 25. Rd2 Nc5 26. Bd1 Rb6 27. Nb5 f5 28. exf5 Bxf5 29. Rc3 Rf8 30. Re3 $14 (
30. Bc2 {was a blunder in the game.} Bxc2 31. Rdxc2 Ne4+ {1/2-1/2 (47)
Svetushkin,D (2588)-Bacrot,E (2705) Calvi 2013})) 12. O-O Rd8 13. b4 (13. Nd5
Rd7 {seems very awkward for Black, but it's not clear how White should break
through.} (13... Nf6 14. Nc7+ Ke7 15. Qd3) 14. Qd3 Nf6 15. Nb6 Rd8) 13... Nf6
14. Qd3 O-O 15. Rfd1 Rc8 (15... Ne7 {could be a better move, preparing for Nd5,
but White's position is slightly more pleasant anyway.} 16. Qg3) 16. Nd5 $1 b5
(16... Bxd5 17. exd5 Ne7 (17... e4 18. Qg3 Qxg3 19. hxg3 Ne5 20. Ne3 $14) 18.
Ne3 $14 {/\ c5...and Black doesn't have an easy way yet.}) (16... Rfd8 {
would have still held Black's position together, but White's position is still
pleasant.}) 17. Qg3 $1 {A brilliant idea. Black has two different ways to take
a pawn now...} Qxg3 ({The key line to calculate for White was after} 17... Nxe4
18. Qxg5 Nxg5 19. Nb6 $1 Rb8 20. Rxd6 Rxb6 21. c5 Nd4 22. Rxd4 $1 Rc6 23. Rd2
Bxa2 24. Ne3 Be6 25. Nd5 {gives White a very pleasant endgame despite being a
pawn down temporarily.}) 18. Nxf6+ gxf6 19. hxg3 bxc4 (19... Bxc4 20. Bxc4 bxc4
21. Rxd6 Rfd8 22. Rxd8+ Rxd8 23. Ne3 Nxb4 24. a3 Nc6 25. Rxc4 {The pawns are
equal, but White's structure is much better so Black should continue to suffer
for a while.} Nd4 26. g4 $14) 20. f4 $1 {Suddenly it's not so easy to deal
with the simple threat of f5.} ({Andreikin probably expected} 20. Rxd6 {
and now Black would be fine after} Rfd8 21. Rxd8+ Rxd8 $11) 20... f5 (20...
Rfd8 21. f5 Bd7 22. Bxc4 $16) 21. exf5 Bxf5 22. Ne3 {White's pieces are coming
into play perfectly. Already under pressure, Andreikin wilts and collapses.}
Bd3 (22... Be6 23. Rxd6 exf4 24. gxf4 Rfd8 25. Rxd8+ Rxd8 26. a3 $16) 23. Bxd3
cxd3 24. Nf5 $1 {Once again Svidler surprises with a strong alternative to the
expected Rxd3. All of Black's pawns are falling.} e4 (24... Rfd8 25. Rxc6 {
just wins the piece.}) 25. Nxd6 {The most clinical way.} (25. Rxc6 Rxc6 26.
Ne7+ Kg7 27. Nxc6 Rc8 {would give Black compensation.}) 25... e3 26. Nxc8 d2
27. Rxc6 e2 28. Rcc1 {A simple line to calculate for White.} exd1=R+ 29. Rxd1
Rxc8 30. Rxd2 Rc3 31. Rd5 1-0